Gender budgeting analysis: a study in Maharashtra's agriculture (Record no. 63141)

000 -LEADER
fixed length control field 01301pab a2200217 454500
008 - FIXED-LENGTH DATA ELEMENTS--GENERAL INFORMATION
fixed length control field 180718b2004 xxu||||| |||| 00| 0 eng d
100 ## - MAIN ENTRY--PERSONAL NAME
Personal name Parikh, Alka
245 ## - TITLE STATEMENT
Title Gender budgeting analysis: a study in Maharashtra's agriculture
260 ## - PUBLICATION, DISTRIBUTION, ETC.
Date of publication, distribution, etc. 2004
300 ## - PHYSICAL DESCRIPTION
Extent p.4823-830.
362 ## - DATES OF PUBLICATION AND/OR SEQUENTIAL DESIGNATION
Dates of publication and/or sequential designation 30 Oct
520 ## - SUMMARY, ETC.
Summary, etc. This paper attempts to examine some basic data on women in agriculture and analyses the state budgets of Maharashtra, for the period 1998 to 2002, for their impact on women. It finds that most policies in the plans and budgets of the agriculture and allied sectors do not create positive boosts for women workers, in terms of creating special opportunities, being gender sensitive, or ensuring equitable intra-household distribution of benefits. At the same time, there is no clear evidence of policies creating an adverse impact on women, possibly because negative effects might not yet be fully known or understood within the existing knowledge base. - Reproduced.
650 ## - SUBJECT ADDED ENTRY--TOPICAL TERM
Topical term or geographic name entry element Agriculture - India - Maharashtra
650 ## - SUBJECT ADDED ENTRY--TOPICAL TERM
Topical term or geographic name entry element Budget - India - Maharashtra
650 ## - SUBJECT ADDED ENTRY--TOPICAL TERM
Topical term or geographic name entry element Women in agriculture - India - Maharashtra
650 ## - SUBJECT ADDED ENTRY--TOPICAL TERM
Topical term or geographic name entry element Women in agriculture
700 ## - ADDED ENTRY--PERSONAL NAME
Personal name Krishnaraj, Maithereyi
700 ## - ADDED ENTRY--PERSONAL NAME
Personal name Acharya, Sarthi
773 ## - HOST ITEM ENTRY
Main entry heading Economic and Political Weekly
909 ## -
-- 63141
Holdings
Withdrawn status Lost status Damaged status Not for loan Permanent Location Current Location Date acquired Serial Enumeration / chronology Barcode Date last seen Price effective from Koha item type
        Indian Institute of Public Administration Indian Institute of Public Administration 2018-07-19 Volume no: 39, Issue no: 44 AR63591 2018-07-19 2018-07-19 Articles

Powered by Koha